[Event "Saratov Governor's Cup"]
[Site "Saratov"]
[Date "2011.10.19"]
[Round "11"]
[White "Morozevich, Alexander"]
[Black "Roiz, Michael"]
[Result "1-0"]
[WhiteElo "2737"]
[BlackElo "2668"]
[Annotator "Roiz,M"]
[PlyCount "117"]
[EventDate "2011.10.08"]
[EventType "tourn"]
[EventRounds "11"]
[EventCountry "RUS"]
[EventCategory "19"]
[SourceTitle "CBM 145"]
[Source "ChessBase"]
[SourceDate "2011.11.11"]
[SourceVersion "1"]
[SourceVersionDate "2011.11.11"]
[SourceQuality "1"]

1. d4 d5 2. c4 e6 3. Nc3 Be7 4. cxd5 exd5 5. Nf3 c6 6. h3 $5 Nf6 ({After} 6...
Bf5 7. g4 Bg6 8. Ne5 Nd7 9. Nxg6 hxg6 10. Bg2 {White has a promising position,
as he may seize a lot of space by advancing the k-side pawns in the future.})
7. Qc2 {[%csl Rc8] Recently this original way to prevent Black from activating
his light-squared bishop has gained some popularity.} g6 {The most principled.}
({After} 7... O-O 8. Bf4 Nbd7 9. e3 $14 {White gets a good version of the
Carlsbad.}) 8. Bh6 Bf5 9. Qc1 {The bishop on h6 is quite annoying for Black
now, but at least I could be satisfied with the development of my minor pieces.
} Nbd7 (9... c5 10. e3 c4 11. g4 Be6 12. Bg2 Nc6 13. O-O $14 {1-0 Khismatullin,
D (2656)-Landa,K (2613)/Taganrog RUS 2011 (24)}) 10. e3 $146 {A logical
novelty. White just completes his development without making unnecessary
weakening moves.} ({Black got a very solid position in the following recent
game:} 10. g4 Be4 11. Bg2 Nf8 12. g5 Bxf3 13. Bxf3 N6d7 14. Bg4 Nb6 15. h4 Ne6
16. e3 Bf8 17. Bxf8 Rxf8 18. Qc2 Qe7 19. O-O-O O-O-O $11 {1-0 Ponomariov,R 
(2758)-Dambacher,M (2496)/Rogaska Slatina SLO 2011 (43)}) 10... Ne4 ({It looks
like Black could achieve a normal position by the most natural} 10... Bf8 $5
11. Bf4 (11. Bxf8 Kxf8 12. b4 (12. Be2 a5 13. O-O Kg7 $11) 12... Kg7 13. Be2 a5
14. b5 Rc8 15. bxc6 Rxc6 $132) 11... Be7 12. Be2 (12. g4 Be4 13. Bg2 Nf8 $132)
12... O-O 13. g4 Be4 (13... Be6 14. Ng5 $14) 14. O-O Bxf3 15. Bxf3 Nb6 16. Qc2
Bd6 17. Bg5 Kg7 $11 {[%cal Gh7h6]}) 11. Be2 Nd6 $6 (11... g5 $1 {That was a
correct recommendation of Alexander. In fact, Black should play much more
actively:} 12. Nd2 (12. h4 gxh4 13. Bf4 Rg8 14. Kf1 Nf8 $15 {Black is a pawn
up, while White's king is not safe.}) (12. Bg7 Rg8 13. Be5 h5 14. Bh2 g4 15.
hxg4 hxg4 16. Nd2 g3 17. Ncxe4 gxh2 18. Ng3 Bg6 19. Rxh2 Bd6 $44 {Black has
fantastic play for the sacrificed pawn.}) 12... Rg8 {13...Rg6 is coming next,
so White cannot wait} (12... Nxd2 13. Qxd2 Rg8 14. g4 Bg6 $13 {is also
possible,but the bishop is not in any real danger here.}) 13. Ndxe4 dxe4 14. g4
Be6 15. h4 gxh4 $132 {this leads to very unbalanced play. I believe Black is
well prepared for the coming tactical battle.}) 12. Nd2 ({I prefer the simple} 
12. O-O Bf8 13. Bxf8 ({After} 13. Bf4 Be7 14. Ne5 O-O 15. Ng4 Be6 {White
achives nothing special.}) 13... Kxf8 14. b4 a6 15. a4 Kg7 16. b5 axb5 17. axb5
$14 {and White has a standard stable edge.}) 12... Be6 {[%cal Gd6f5] That was
the point of my previous play. I just tried to get rid of the bishop without
any radical methods.} ({Now it's too late for} 12... g5 13. Bg7 Rg8 14. Be5
Nxe5 15. dxe5 Ne4 16. Ncxe4 dxe4 17. Qc3 Qb6 18. O-O-O O-O-O 19. Nc4 Qb4 20.
Qxb4 Bxb4 21. Bg4 $14) 13. Qc2 Bf5 {Somehow I decided to change my initial
plans.} ({At the same time after} 13... Nf5 14. Bf4 Bd6 15. Bxd6 Nxd6 16. O-O-O
O-O (16... Bf5 17. Qb3 Qb6 $11) 17. g4 c5 $132 {I could get comfortable
counterplay.}) 14. Qb3 Qb6 15. g4 Qxb3 ({After} 15... Be6 16. Qc2 O-O-O 17. Na4
Qc7 18. O-O-O $14 {[%cal Gh6f4] White is clearly better, as Black does not
have much space for his pieces.}) 16. axb3 (16. Nxb3 Be6 $11) 16... Be6 17. b4
a6 $6 {I made this move rapidly, but it is a serious inaccuracy which allows
White to fix some advantage.} ({I had to choose between} 17... b5 $5 18. Nb3
Nc4 19. Bxc4 dxc4 20. Nc5 Nxc5 21. dxc5 a6 $13) ({and} 17... f6 $5 18. Bf4 Kf7
19. Nb3 Nc4 20. Nc5 Nxb2 21. Rb1 Nc4 22. Bxc4 dxc4 23. Nxb7 Nb6 $132 {which
led to a very complex endgame, but Black shouldn't be worse.}) 18. Nb3 $1 {
I understimated this strong move. The knight is coming to c5 and will exert
unpleasant pressure on the whole q-side.} ({My calculations were based on} 18.
b5 cxb5 19. Nxb5 Nxb5 20. Bxb5 Rc8 21. Bd3 (21. Ba4 f6 22. Ke2 Kf7 $11) 21...
Nb8 $11) 18... f5 (18... Nc4 19. Bxc4 (19. Nc5 Nxb2 20. Nxb7 Bxb4 21. Kd2 Nb6
22. Rhb1 N2c4+ 23. Kc2 a5 $132) 19... dxc4 20. Nc5 $14) 19. Nc5 Nxc5 {Black
couldn't put up with Nc5 for a long time anyway.} 20. bxc5 Ne4 {White has a
stable advantage due to his better pawn chain. However, I believed I could
hold my position by precise play.} 21. gxf5 gxf5 {I hoped to exploit the
opening of the g-file, but...} (21... Bxf5 22. h4 Kf7 23. Bf4 $14 {[%cal Gf2f3]
}) 22. h4 $1 {Preventing Black's unpleasant threat of Be7-h4.} Rg8 (22... Bd8
23. Bd3 Bc7 24. Ne2 $14 {[%cal Gh6f4]}) 23. Na4 Bd8 (23... Bf6 24. Nb6 Rd8 25.
Bf3 Ke7 26. Bf4 $14) 24. Nb6 Bxb6 25. cxb6 Ke7 ({I could grab a pawn, but after
} 25... Nd6 26. b3 Nc8 27. Ra4 Kd7 28. Bf4 a5 29. Kd2 Nxb6 30. Ra3 $14 {
[%cal Gh1a1] White is still better.}) 26. Bf4 {I could be more or less
satisfied with my play till this moment. Unfortunately, I was in time trouble
and failed to find some concrete solutions.} Rae8 {This move is not bad at all,
but it was connected with a wrong passive strategy.} (26... Nd6 $1 27. b3 Nc8
28. Ra4 a5 29. Kd2 Nxb6 30. Ra3 Nc8 31. Rha1 Nd6 32. Rxa5 Ne4+ 33. Ke1 Rg1+ 34.
Bf1 Rxa5 35. Rxa5 Nd2 36. Kxd2 Rxf1 $11) 27. b4 Bc8 ({Again, why not} 27... Nd6
$1 28. f3 Nc4 29. Bxc4 dxc4 $11) 28. Rc1 Bd7 29. Bd3 Kf7 $2 $138 {After this
move my knight couldn't take control of important light squares on the q-side.}
({After} 29... Rg2 30. f3 Nd6 (30... Ng3 31. Bxg3 Rxg3 32. Kf2 Rg6 (32... Reg8
33. Rcg1 Rxg1 (33... R3g6 34. Rxg6 hxg6 35. h5 Rh8 36. h6 $14) 34. Rxg1 Rxg1
35. Kxg1 $18) 33. Rcg1 Kf6 34. Rg5 Reg8 35. Rxg6+ hxg6 36. h5 Rh8 37. h6 $14)
31. Be2 Rg7 32. Kf2 Reg8 $14 {Black should be able to hold this endgame.}) 30.
f3 Nf6 (30... Ng3 31. Rh2 Nh5 32. Be5 $16) 31. Kf2 $16 {Black's main problem
is the lack of any constructive ideas. At the same time, White keeps excellent
winning chances even if Black could swap all the rooks.} Ra8 ({For instance,} 
31... Bc8 32. Rhg1 Rxg1 33. Rxg1 Rg8 34. Rxg8 Kxg8 (34... Nxg8 35. Kg3 Nf6 36.
Be5 Nh5+ 37. Kf2 Kg8 38. e4 fxe4 39. fxe4 h6 40. exd5 cxd5 41. Be2 Ng7 42. Bxg7
Kxg7 43. Ke3 Kf6 44. Kf4 Be6 45. Bxa6 Bc8 46. Bb5 Ke6 47. Kg4 Kf6+ 48. Kh5 Kg7
49. Ba4 Be6 50. Bc6 $18) 35. Be5 Kf7 (35... Nh5 36. e4 Kf7 37. exf5 h6 38. Ke3
Kf8 39. f6 Kf7 40. Bf4 $18) 36. Bxf6 Kxf6 37. Kg3 Kg7 38. Kf4 Kf6 39. e4 $18)
32. Rhg1 Rxg1 33. Rxg1 Be6 34. Be5 h6 ({Or} 34... Bd7 35. Rg5 h6 36. Rg1 $16)
35. Ke2 $6 (35. Bf4 $142 {was much stronger:} Nd7 36. h5 (36. Bxh6 Rh8 $1 37.
Bg5 Nxb6 $16) 36... Rg8 37. Rxg8 Kxg8 38. Bxh6 Nxb6 39. Kg3 Nc4 40. Bf4 $1 $18)
35... Bd7 36. Kd2 Be6 37. Kc2 a5 $6 {This impulsive decision makes White's
task easier.} ({Of course, I should keep ''doing nothing'':} 37... Re8 {
Although White has a winning position from the strategic point of view, there
is still no forced way, so I could put up some resistance:} 38. h5 {[%cal
Gg1g6]} (38. Bxa6 $5 bxa6 39. b7 Nd7 40. Bf4 Rg8 41. Ra1 Nb8 42. Bxh6 {may be
enough, but that is not obvious at all.}) 38... Nxh5 39. Bxa6 Bc8 40. Bd3 Nf6
41. Rh1 Rh8 $16) 38. Ra1 $2 {This obvious move seems to be a serious mistake.}
(38. bxa5 Rxa5 39. Bf4 h5 (39... Ra2+ 40. Kb3 Rf2 41. Bxh6 Nd7 42. Bf4 Rxf3 (
42... Nxb6 43. h5 $18) 43. Be2 Rf2 44. Bh5+ Kf6 45. Rg6+ Ke7 46. Rg7+ Kf6 47.
Rh7 $18) 40. Rg5 Ra2+ 41. Kd1 Ra3 42. Bxf5 Bxf5 43. Rxf5 Kg6 44. Rg5+ Kf7 45.
Ke2 Ra2+ 46. Ke1 Ra1+ 47. Kf2 Ra2+ 48. Kg3 Rb2 49. Be5 $18) 38... a4 39. Kc3 (
39. Kb2 $5) 39... Nd7 40. Bc7 {[%csl Ra4][%cal Ga1a3,Gd3c2]} Nf8 $1 ({After} 
40... Kg6 41. Kb2 Kh5 42. Rg1 a3+ 43. Ka2 {Black is helpless.}) 41. Ra3 ({
Of course not} 41. b5 $2 cxb5 42. Bxb5 Bd7 43. Bxd7 Nxd7 44. Kb4 h5 45. Rxa4
Rxa4+ 46. Kxa4 Ke6 47. Kb5 Nf8 48. Bg3 Ng6 $11 {with a real fortress.}) 41...
h5 $2 {The decisive mistake. Black loses an important tempo, so White just
wins a pawn and consolidates.} ({At the same time after the correct} 41... Ng6
$1 42. h5 (42. Bg3 f4 $1 43. Bxf4 Nxh4 {is not convincing at all, although
here White has more chances.}) 42... Nf8 (42... Nh4 $5 {is interesting too})
43. Bc2 (43. Bf4 Nd7 44. Bxh6 Nxb6 45. Bf4 Nc4 46. Ra1 a3 47. h6 b5 $14) 43...
Nd7 44. Rxa4 Rxa4 45. Bxa4 Ke7 $1 {[%csl Rh5][%cal Ge6f7] Black could win the
pawn back. In fact, the position looks very drawish:} 46. b5 cxb5 47. Bxb5 Bf7
48. Kd3 Bxh5 49. Ke2 Be8 50. Bd3 Ke6 51. Kf2 Nf8 52. Kg3 Ng6 53. Bf4 h5 54. Bg5
Bc6) 42. Bc2 Ng6 43. Rxa4 Rxa4 44. Bxa4 {[%cal Ga4c6]} Bd7 45. Bd8 $1 $18 {
Somehow I missed this simple move. Now White has everything under control.} ({
I was counting on} 45. Bg3 $2 f4 46. exf4 Ne7 $11 {and there is no
breakthrough.}) 45... Nf8 ({After} 45... f4 {the simplest is} 46. e4 dxe4 47.
fxe4 f3 48. Kd3 Nf4+ (48... f2 49. Ke2 Nf4+ 50. Kxf2 Ne6 51. Bb3 $18) 49. Ke3
Ne6 50. Bb3 Kg6 51. Bxe6 Bxe6 52. b5 $1 cxb5 53. Kxf3 $18 {and White's central
passed pawns will decide the game.}) 46. Bc2 Ke6 47. e4 fxe4 48. fxe4 Be8 49.
e5 Bg6 50. Ba4 Kd7 (50... Be8 51. Bg5 Bd7 52. Bd1 Be8 53. Be2 Nd7 54. Bd8 Nf8
55. Bf1 Bg6 (55... Kd7 56. Bg5 Ne6 57. b5 $18) 56. b5 $18) 51. Bg5 Ne6 {
It looks like Black has managed to set-up some sort of blockade, but zugzwang
is in the air...} 52. Be3 Kc8 $6 ({I could provide some resistance by} 52...
Nf8 $142 53. b5 cxb5 54. Bxb5+ Ke6 55. Kb4 Nd7 56. Ka5 Bf5 57. Bg5 Be4 58. Be2
Nb8 59. Kb5 Bg6 60. Kb4 Nc6+ 61. Kc5 Nb8 62. Bd8 Nd7+ 63. Kb5 Nb8 64. Bc7 Nd7
65. Kb4 Be8 66. Kc3 Bg6 67. Kd2 Nf8 68. Ke3 Kd7 69. Bd1 Ne6 70. Bb3 Be4 71.
Ba4+ Kc8 72. Be8 Ng7 73. Bf7 Kd7 74. Bd6 Nf5+ 75. Kf4 Nxd4 76. Bxh5 Ne6+ 77.
Ke3 Ng7 78. Bg4+ Bf5 79. Bf3 $18) 53. b5 cxb5 ({Or} 53... Be8 54. bxc6 bxc6 55.
Kb4 Kb7 56. Ka5 Nf8 57. Bc2 Nd7 58. e6 Nxb6 59. Bf4 Nc4+ 60. Kb4 Kc8 61. Kc5
Kd8 62. Bg5+ Kc7 63. Bf5 Na3 64. Bh7 {[%cal Gh7g8,Gg8f7]}) 54. Bxb5 (54. Bb3
Be4 55. Bd1 Ng7 56. Bh6 Nf5 57. Bg5 $18) 54... Kd8 (54... Bf5 55. Be2 Bg6 56.
Bf3 $18) 55. Ba4 Bf7 56. Bh6 Kc8 57. Bb3 Nd8 58. Kb4 {The king is coming. It's
over.} Kd7 59. Ba4+ 1-0

[Event "EU-chT (Men) 21st"]
[Site "Heraklion"]
[Date "2017.11.04"]
[Round "7.1"]
[White "Eljanov, Pavel"]
[Black "Lupulescu, Constantin"]
[Result "1-0"]
[WhiteElo "2720"]
[BlackElo "2620"]
[Annotator "Sadorra,J"]
[PlyCount "71"]
[EventDate "2017.10.28"]
[EventType "team-swiss"]
[EventRounds "9"]
[EventCountry "GRE"]
[SourceTitle "CBM 182"]
[Source "ChessBase"]
[SourceDate "2018.01.17"]
[SourceVersion "1"]
[SourceVersionDate "2018.01.17"]
[SourceQuality "1"]
[WhiteTeam "Ukraine"]
[BlackTeam "Romania"]
[WhiteTeamCountry "UKR"]
[BlackTeamCountry "ROU"]

1. c4 e6 2. Nc3 d5 3. d4 a6 {This sideline in the QGD has become a popular
weapon among GMs to take White players "out of their books," but as we will
see Eljanov also has this sideline in his book!} 4. cxd5 exd5 5. Bf4 c6 6. e3
Bd6 7. Bxd6 Qxd6 8. Bd3 Nf6 9. h3 O-O 10. Nf3 {We have arrived at the Exchange
Variation of the QGD, only the dark-squared bishops are off and Black has a
pawn on a6.} Nbd7 ({In one game, Black tried to quickly get a knight on e4 with
} 10... Re8 11. O-O Ne4 12. Qc2 Qe7 {but White can take advantage of his
development advantage by} 13. Bxe4 $1 dxe4 14. Nd2 f5 15. Nc4 Nd7 {1/2-1/2 (74)
Nguyen,N (2621)-Inarkiev,E (2682) Dubai 2014, and here White could have
increased his edge with} 16. d5 $1 cxd5 (16... c5 17. a4 Ne5 18. d6 Qe6 19.
Nxe5 Qxe5 20. Rfd1 Be6 21. a5 $14 {[%csl Rc5][%cal Gc3a4,Ra4c5]}) 17. Nxd5 Qc5
18. Qd2 $1 Qxc4 19. Rac1 Qd3 20. Qxd3 exd3 21. Nc7 $16) 11. O-O Re8 12. Qc2 Qe7
(12... Nf8 13. Rab1 Ng6 14. b4 Qe7 (14... Re7 15. Rfc1 b5 16. Ne2 $5 (16. a4
Bd7 17. Ra1 $16) 16... Bb7 (16... Bd7 17. Ng3 Ree8 18. a4 $16) 17. Ng3 Ree8 18.
a4 Nd7 19. a5 $16 {1-0 (52) Chuchelov,V (2600)-Iasoni,R (2133) France 2002})
15. a4 Ne4 16. b5 (16. Rfc1 $142 Bf5 17. b5 axb5 18. axb5 Nxc3 19. Qxc3 Ra3 20.
Rb3 Rxb3 21. Qxb3 $14) 16... axb5 17. axb5 Ng5 $1 18. Nxg5 Qxg5 19. f4 (19. Kh1
Nh4 20. Rg1 Qh6) 19... Qf6 20. f5 Nh4 $132 {1/2-1/2 (70) Le,Q (2715)-Grachev,B
(2680) Khanty-Mansiysk 2011}) 13. Rab1 Ne4 14. Na4 $5 {[%csl Rb6,Rc5] With
Black's weakened queenside, Eljanov first gets his knight on one of the weak
squares before carrying out the minority attack.} Nf8 15. b4 Ng6 16. Nc5 (16.
Nb6 $5 Rb8 17. a4 (17. Bxe4 dxe4 18. Nd2 Nh4 $132) 17... Qf6 18. Nxc8 Rbxc8 19.
Rfc1 $14) 16... Nh4 (16... Bf5 17. Rfc1 $14 {[%cal Ga2a4,Gb4b5]}) ({The best
way to fight for equality is to use some small tactics with} 16... Qf6 $5 17.
Kh2 $1 (17. Nxe4 $4 dxe4 18. Bxe4 Rxe4 19. Qxe4 Bf5 $19) (17. Rfc1 Bxh3 (17...
Nd6 18. Ne1 $14) 18. Nxb7 Ng5 $1 19. Nxg5 (19. Ne5 Nxe5 20. dxe5 Nf3+ $3 21.
Kf1 Qxe5 22. gxh3 Qh2 $40) 19... Qxg5 20. f4 Qe7 $1 $36) (17. Bxe4 dxe4 18. Nd2
Nh4 19. Ndxe4 $2 Qg6 $19) 17... Nd6 (17... Qd6+ 18. Kh1 Qf6 19. Bxe4 dxe4 20.
Nd2 Bf5 (20... Nh4 21. Ndxe4 Qg6 22. f3 f5 23. Nc3 Rxe3 24. N3a4 $14) 21. Nxb7
$16) 18. a4 Re7 $14 {It's still easier to play for White, but Black is not
without counterplay.}) 17. Nxh4 Qxh4 18. Rfc1 Re7 (18... Ng5 19. Bf1 {and
Black has no good follow-up.}) 19. Nxe4 $1 {Eljanov makes the best move from a
practical perspective as he eliminates a strong piece that can contribute to
Black's future kingside attack.} ({The straighforward approach is also good:} 
19. a4 Ng5 20. Bf1 Rc7 (20... g6 21. b5 Bf5 22. Nd3 axb5 23. axb5 Rc7 24. bxc6
bxc6 25. Rb6 Rac8 26. Qb2 $16) 21. Ra1 g6 22. b5 axb5 23. axb5 Rxa1 24. Rxa1
cxb5 25. Qb3 $16) 19... dxe4 20. Bf1 Re6 21. g3 Qd8 {Black admits that his
chances to checkmate the White king sre low and decides to defend his
queenside weaknesses, but this is equivalent to strategic resignation.} 22. a4
h5 23. Bg2 f5 24. Qc5 (24. h4 g5 25. hxg5 Qxg5 $132 {[%cal Gh5h4,Ge6g6]}) (24.
Qb3 $5 {[%cal Gc1c5]}) 24... Rd6 25. h4 g5 26. hxg5 Rd5 27. Qc4 Be6 (27... Qxg5
28. b5 axb5 29. axb5 Bd7 30. bxc6 Bxc6 (30... bxc6 31. Rb5 $1 $16) 31. Rb5 $1
Rad8 32. Rxd5 Rxd5 33. Qa2 Kg7 34. Qa7 Kg6 35. Rc5 $16) 28. b5 $1 $16 Rd6 29.
Qc5 Rd5 30. Qc4 Rd6 31. Qb4 Bd5 32. bxc6 bxc6 33. Qb6 (33. Bf1 $1 {[%csl Rd5]
[%cal Gf1c4,Rc4d5] Planning to eliminate Black's best defensive piece on d5.}
a5 34. Qc5 Rg6 35. Bc4 $18) 33... Qxg5 34. Qc7 Rad8 $2 ({A more stubborn move
is} 34... Rg6 {but White can at least force a favourable ending with} 35. Rb7
Rg7 36. Qxg7+ Qxg7 37. Rxg7+ Kxg7 38. a5 Kf6 (38... Rb8 39. Bf1 Rb2 40. Ra1 $1)
39. Bf1 Kg5 40. Rb1 $16) 35. Rb8 (35. Rb7 Qg6 36. Rcb1 $18) 35... h4 $6 {
The last mistake, but it's difficult to recommend anything good for Black to
save his position anyway.} 36. Qxd6 {Black left a rook hanging and got nothing
in return, so he resigned.} 1-0